000 00843nam a2200217Ia 4500
001 14550
005 20260319170658.0
008 260306t2018||||xx |||||||||||||| ||spa||
041 _aESP
082 _a515.15
_bS79T 2017
100 _aStewart, James
_eAUT
245 0 _aCálculo:
_btrascendentes tempranas
260 _c2018
300 _axxx, 1182, 201 páginas :
_c27 cm.
650 _aGEN
654 _aCMA
856 _uhttps://itmsp.museknowledge.com/UCSP?url=https://www.ebooks7-24.com:443/?il=5053&pg=1
_zVersión digital
856 _uhttps://0u213t7yg-y-https-ebooks7--24-com.itmsp.museknowledge.com/biblioteca.aspx
_zVéase además: Base de datos Ebook7-24
856 _uhttps://0u20ft7yi-y-https-research-ebsco-com.itmsp.museknowledge.com/c/qxo6us/search
_zVéase además: Base de datos EBSCOhost
942 _cLIB
_dJUS
_fJUS
_2ddc
999 _c14550
_d14550